[Event "Voronezh op-B 22nd"]
[Site "Voronezh"]
[Date "2018.06.13"]
[Round "2"]
[White "Popelyshev, Igor Viktorovich"]
[Black "Krupin, Victor"]
[Result "1/2-1/2"]
[WhiteElo "2095"]
[BlackElo "1938"]
[PlyCount "89"]
[EventDate "2018.06.12"]
[EventType "swiss"]
[EventRounds "9"]
[EventCountry "RUS"]
[SourceTitle "CBM 185 Extra"]
[Source "ChessBase"]
[SourceDate "2018.07.29"]
[SourceVersion "1"]
[SourceVersionDate "2018.07.29"]
[SourceQuality "1"]

1. e4 e6 2. d4 d5 3. Nc3 Nf6 4. Bg5 Be7 5. e5 Nfd7 6. Bxe7 Qxe7 7. Nf3 a6 8. Qd2 c5 9. Ne2 cxd4 10. Nexd4 Nc6 11. Nxc6 bxc6 12. Bd3 Nc5 13. 0-0 Nxd3 14. cxd3 Bd7 15. b4 c5 16. bxc5 Qxc5 17. Rfc1 Qa3 18. Rc7 Rd8 19. Rb1 0-0 20. Rbb7 Qa4 21. h3 Bb5 22. d4 Rc8 23. Rxc8 Rxc8 24. Ng5 Rf8 25. Qf4 Be8 26. Qg4 Bd7 27. Qh4 h6 28. Nf3 Bb5 29. Qe7 Qxa2 30. Qc7 Qb1+ 31. Kh2 Qe4 32. Qc3 Be2 33. Nd2 Qf4+ 34. Kg1 Bb5 35. Nb3 Bc4 36. Nc5 Ra8 37. Nd7 Bb5 38. Nc5 Qf5 39. Qa1 Qc2 40. Rxb5 axb5 41. Qxa8+ Kh7 42. Qa1 b4 43. Qf1 Kg8 44. g3 b3 45. Nxb3 1/2-1/2

[Event "Samara Polugaevsky Memorial 4th"]
[Site "Samara"]
[Date "2014.07.02"]
[Round "1"]
[White "Popelyshev, Igor Viktorovich"]
[Black "Demchenko, Anton"]
[Result "0-1"]
[WhiteElo "2116"]
[BlackElo "2619"]
[PlyCount "44"]
[EventDate "2014.07.02"]
[EventType "swiss"]
[EventRounds "9"]
[EventCountry "RUS"]
[SourceTitle "CBM 161 Extra"]
[Source "ChessBase"]
[SourceDate "2014.08.29"]
[SourceVersion "1"]
[SourceVersionDate "2014.08.29"]
[SourceQuality "1"]

1. e4 c5 2. Ne2 Nf6 3. e5 Nd5 4. Nbc3 Nxc3 5. dxc3 Nc6 6. Bf4 g6 7. h4 Qb6 8. b3 Bg7 9. Qd5 d6 10. exd6 Be6 11. Qe4 exd6 12. 0-0-0 0-0-0 13. Rxd6 Rxd6 14. Bxd6 Rd8 15. Bf4 Qa5 16. Kb2 c4 17. g3 cxb3 18. cxb3 Nb4 19. Nc1 Nd3+ 20. Nxd3 Qxc3+ 21. Ka3 Bf8+ 22. Nb4 Rd4 0-1